| 000 | 00461cam a2200181ua 4500 | ||
|---|---|---|---|
| 020 | _c12.50 | ||
| 041 |
_aeng _h |
||
| 082 |
_a591.15 _bSIN/EL |
||
| 100 | _aSingleton, Ralph W . | ||
| 245 |
_aElementary genetics / _cRalph W Singleton. _hTextual Documents |
||
| 250 |
_a1 / _b. |
||
| 260 |
_aNew Delhi : _bAffiliated East West Press Pvt Ltd , _c1967. |
||
| 300 | _a482 ; . | ||
| 365 | _a12.50 | ||
| 504 | _a | ||
| 942 | _cBK | ||
| 999 |
_c10274 _d10274 |
||